County & township map of the states of Ohio and Indiana

Saved in:
Bibliographic Details
Main Author: Mitchell, S. Augustus 1792-1868.
Corporate Authors: David Rumsey Collection., Cartography Associates.
Format: Electronic
Language:English
Published: [1880].
Series:David Rumsey Collection digital maps
Subjects:
Tags: Add Tag
No Tags, Be the first to tag this record!
LEADER 01423nea a2200337Ka 4500
001 012024924-3
005 20090630193809.0
008 060601t18801879pau a s 0 eng d
034 1 |a a  |b 1300000  |d W0880700  |e W0803100  |f N0420000  |g N0375200 
035 0 |a ocm69669468 
040 |a CUY  |c CUY 
043 |a n-us-in  |a n-us-oh 
052 |a 4080 
090 |a 4090 
100 1 |a Mitchell, S. Augustus  |q (Samuel Augustus),  |d 1792-1868. 
245 1 0 |a County & township map of the states of Ohio and Indiana  |h [electronic resource]. 
255 |a Scale [ca. 1:1,300,000]. 
260 |c [1880]. 
500 |a Shows settlements, railroads, canals, etc. 
500 |a Prime meridians: Greenwich and Washington. 
500 |a "Entered according to Act of Congress in the year 1879 by S. Augustus Mitchell in the office of the Librarian of Congress at Washington." 
500 |a Scanned raster image of original: 1 map : hand col. ; 36 x 52 cm. 
500 |a Original in the David Rumsey Collection; scanned by Cartography Associates. 
651 0 |a Ohio  |v Maps. 
651 0 |a Indiana  |v Maps. 
710 2 |a David Rumsey Collection. 
710 2 |a Cartography Associates. 
773 0 |a Mitchell, S. Augustus (Samuel Augustus), 1792-1868.  |t Mitchell's new general atlas.  |d Philadelphia : S. Augustus Mitchell, 1880, c1879.  |g p. 68.  |w (OCoLC)69371482 
830 0 |a David Rumsey Collection digital maps  |5 net 
988 |a 20090630 
906 |0 OCLC